El castellano ¿Lengua obligatoria? : (Registro nro. 39852)
[ vista simple ]
| 000 -CABECERA | |
|---|---|
| campo de control de longitud fija | 00701nam a2200157 a 4500 |
| 001 - NÚMERO DE CONTROL | |
| campo de control | 000040362 |
| 005 - FECHA Y HORA DE LA ÚLTIMA TRANSACCIÓN | |
| campo de control | 20201002034101.0 |
| 008 - DATOS DE LONGITUD FIJA--INFORMACIÓN GENERAL | |
| campo de control de longitud fija | 130822d2010 mx 000 0 spa d |
| 020 ## - NÚMERO INTERNACIONAL ESTÁNDAR DEL LIBRO | |
| Número Internacional Estándar del Libro | 9786070215261 |
| 040 ## - FUENTE DE LA CATALOGACIÓN | |
| Centro catalogador/agencia de origen | DO-SdBNP |
| Lengua de catalogación | spa |
| Centro/agencia transcriptor | BNPHU |
| 100 1# - ENTRADA PRINCIPAL--NOMBRE DE PERSONA | |
| Nombre de persona | Zavala, Silvio |
| 9 (RLIN) | 46363 |
| 245 13 - MENCIÓN DE TÍTULO | |
| Título | El castellano ¿Lengua obligatoria? : |
| Resto del título | Discurso de ingreso a la Ademía Mexicana de la Lengua 28 de enero de 1977, respuesta de Manuel Alcalá Anaya / |
| Mención de responsabilidad, etc. | Silvio Zavala. |
| 260 ## - PUBLICACIÓN, DISTRIBUCIÓN, ETC. | |
| Lugar de publicación, distribución, etc. | México : |
| Nombre del editor, distribuidor, etc. | Universidad Nacional Autónoma de México : |
| -- | Difusión Cultural, Dirección General de Publicaciones y Fomen : Academia Mexicana de la Lengua, |
| Fecha de publicación, distribución, etc. | 2010. |
| 300 ## - DESCRIPCIÓN FÍSICA | |
| Extensión | 167 p. ; |
| Dimensiones | 18 cm. |
| 700 1# - PUNTO DE ACCESO ADICIONAL--NOMBRE DE PERSONA | |
| Nombre de persona | Alcalá Anaya, Mauel |
| 9 (RLIN) | 66662 |
| Estado de retiro | Estado de pérdida | Restricciones de uso | No para préstamo | Código de colección | Localización permanente | Ubicación/localización actual | Ubicación en estantería | Fecha de adquisición | Número de inventario | Total de préstamos | Signatura topográfica completa | Código de barras | Fecha visto por última vez | Precio válido a partir de | Tipo de ítem Koha | Número de copia |
|---|---|---|---|---|---|---|---|---|---|---|---|---|---|---|---|---|
| Excluido de préstamo | Monografías: Libros y Folletos | General | General | En catalogación | 22.08.2013 | LF1 | 40362-10 | 25.06.2020 | 25.06.2020 | No se presta | ||||||
| Préstamo interno | Monografías: Libros y Folletos | General | General | En catalogación | 22.08.2013 | LF1 | 40362-20 | 25.06.2020 | 25.06.2020 | Préstamo interno | e. 3 | |||||
| Excluido de préstamo | Monografías: Libros y Folletos | General | General | En catalogación | 22.08.2013 | LF1 | 40362-30 | 25.06.2020 | 25.06.2020 | No se presta | e. 2 |
